Editores y políticas editoriales en Argentina : 1880-2010 /

Salvato in:
Dettagli Bibliografici
Autore principale: Diego, José Luis de (dirección)
Altri autori: Granados Salinas, Tomás (dirección de la colección) (dirección de la colección)
Natura: Libro
Lingua:spagnolo
Pubblicazione: Buenos Aires, Argentina : Fondo de Cultura Económica, 2014, c2014
Edizione:2a edición
Serie:(Libros sobre Libros)
Soggetti:
Tags: Aggiungi Tag
Nessun Tag, puoi essere il primo ad aggiungerne!!

MARC

LEADER 00000nam^a2200000^a^4500
001 000394573
005 20250521000000.0
009 20260526143317.123
020 |a 978-987-719-051-9 
037 |a Acervo ITESO - Biblioteca 
041 |a ESP 
082 |a 302. 232  |b LIB V. 16 
100 |a Diego, José Luis de  |e (dirección) 
245 1 0 |a Editores y políticas editoriales en Argentina :  |b 1880-2010 /  |c Dir. y pról. de J.L. de Diego ; dir. de la colección y nota de T. Granados Salinas. 
250 |a 2a edición  |b revisada y aumentada 
264 4 |a Buenos Aires, Argentina :  |b Fondo de Cultura Económica,  |c 2014, c2014 
300 |a XV, 314 p. 
336 |a texto  |b txt  |2 rdacontenido 
337 |a sin mediación  |b n  |2 rdamedio 
338 |a volumen  |b nc  |2 rdasoporte 
440 1 |a (Libros sobre Libros) 
649 |a XX 
650 |a Editores y Libreros Argentinos -  |x Historia 
650 |a Industria Editorial -  |z Argentina -  |x Historia -  |x Tema Principal 
650 |a Industria Cultural -  |z Argentina -  |x Historia 
650 |a Economía -  |z Argentina -  |x Historia 
700 |a Granados Salinas, Tomás  |e (dirección de la colección) 
910 |a Fondo General 
920 |a Impresos - Libros 
930 |a Colección General 
905 |a 101 
901 |a 0500289892  |b IT1  |c ACC  |i C149061  |u 20250521 
902 |a https://opac.biblio.iteso.mx/vufind/Record/000394573